000 00534cam a2200157 4500500
005 20260405004118.0
041 _afre
042 _adc
100 1 0 _aNordmann, Lia
_eauthor
245 0 0 _aJens Timmermann : peut-on flairer le bien ?
260 _c2024.
500 _a1
690 _aKant
786 0 _nPhilosophie magazine - Hors séries | Hors série - Hiver 2024 | HS60 | 2024-01-01 | p. 35-36 | 2104-9246
856 4 1 _uhttps://shs.cairn.info/magazine-philosophie-magazine-2024-hs60-page-35?lang=fr&redirect-ssocas=7080
999 _c2073824
_d2073824